000 00887nam a2200301Ia 4500
003 OSt
005 20220912144125.0
006 a|||||r|||| 00| 0
007 ta
008 220909b |||||||| |||| 00| 0 eng d
020 _a9780367343408 (hbk)
024 _a201277
037 _b9989, 29/01/2020, The Book Seller
037 _cTextual
040 _beng
041 _aeng
082 _aY72.2, Q9
100 _aAmbagudia Jagannath
245 0 _aAdivasis, migrants and the state in India
250 _aSouth Asia Edition
260 _aOxon
_bRoutledge
_c2019
300 _axxiii, 282p. ill.
_ccm
500 _aAppendix 239-249p.; Refferences 250-271p.; Index 272-282p.
650 _a Competing communities
650 _aAnthropology
942 _hY72.2, Q9
_cTEXL
_2CC
999 _c3999
_d3999